Statistiken für Die 100 beliebtesten Lieder der 60er-80er (WDR4)

Klicken Sie hier um das Quiz zu spielen!

Allgemein

  • Dieses Quiz wurde 336 mal gespielt
  • Das Durchschnittsergebnis liegt bei 31 aus 100

Antwortstatistiken

PlatzInterpretAntwort% Korrekt
21Nena99 Luftballons
81%
4AbbaDancing Queen
80%
1QueenBohemian Rhapsody
78%
40TotoAfrica
67%
24Pink FloydAnother Brick in the Wall
64%
94AbbaMamma Mia
64%
41A-haTake on me
61%
67Michael JacksonThriller
60%
7John LennonImagine
59%
30AbbaWaterloo
59%
100NicoleEin bißchen Frieden
55%
45AC/DCHighway to Hell
55%
77Peter SchillingMajor Tom (Völlig losgelöst)
55%
3EaglesHotel California
54%
5Led ZeppelinStairway to Heaven
54%
69QueenWe will rock you
54%
13Deep PurpleSmoke on the Water
53%
75FalcoRock me Amadeus
52%
43QueenWe are the Champions
52%
34Udo JürgensGriechischer Wein
51%
19The BeatlesLet it be
51%
44PrincePurple Rain
51%
72Michael JacksonBillie Jean
49%
46Reinhard MeyÜber den Wolken
48%
36Herbert GrönemeyerBochum
46%
61Bee GeesStayin' alive
45%
10Rolling Stones(I can't get no) Satisfaction
44%
12The BeatlesHey Jude
43%
56Drafi DeutscherMarmor, Stein und Eisen bricht
43%
11Phil CollinsIn the Air tonight
42%
35QueenRadio Gaga
42%
53Bryan AdamsSummer of '69
41%
14The BeatlesYesterday
41%
23Simon & GarfunkelThe Sound of Silence
40%
84KissI was made for lovin' you
39%
68Queen & David BowieUnder Pressure
39%
76Soft CellTainted love
36%
9Scott McKenzieSan Francisco
35%
64Udo JürgensIch war noch niemals in New York
33%
96John DenverTake me Home Country Roads
33%
2John MilesMusic
32%
31AbbaThe winner takes it all
32%
81Peter MaffayÜber sieben Brücken musst du gehn
31%
28BAPVerdamp lang her
31%
50QueenDon't stop me now
29%
97AbbaFernando
29%
80Billy JoelPiano Man
29%
99Earth Wind & FireSeptember
29%
93Ben E. KingStand by me
29%
18Elvis PresleyIn the Ghetto
28%
15HarpoMovie star
28%
27Simon & GarfunkelBridge over troubled Water
27%
60QueenI want to break free
27%
82AbbaSuper Trouper
27%
65AC/DCHells Bells
26%
17Dire StraitsSultans of Swing
26%
79JourneyDon't stop believin'
25%
89Rolling StonesAngie
24%
22Dire StraitsBrothers in Arms
24%
86Leonard CohenHallelujah
24%
16Uriah HeepLady in Black
24%
42Rod StewartSailing
24%
25AbbaThank you for the Music
23%
98Simon & GarfunkelThe Boxer
22%
8Pink FloydWish you were here
21%
48David BowieHeroes
20%
66Black SabbathParanoid
20%
91Neil DiamondSweet Caroline
20%
26The AnimalsThe House Of The Rising Sun
20%
32Rolling StonesPaint it black
19%
70Cat StevensMorning has broken
18%
39Procol HarumA whiter shade of pale
17%
38Barclay James HarvestHymn
17%
74Peter MaffayDu
16%
90U2With or without you
16%
71CityAm Fenster
15%
73OMD (Orchestral Manoeuvers In The Dark)Maid of Orleans (Joan of Arc)
15%
78Vicky LeandrosIch liebe das Leben
14%
20Jethro TullLocomotive Breath
14%
37Moody BluesNights in white Satin
13%
57Rolling StonesSympathy for the Devil
13%
29Golden EarringRadar Love
12%
85Terry JacksSeasons in the Sun
12%
54SantanaSamba pa ti
11%
47QueenWho wants to live forever
11%
55SweetBallroom Blitz
10%
33Barry RyanEloise
9%
87Creedence Clearwater RevivalBad Moon rising
8%
51Bee GeesMassachusetts
8%
59SupertrampSchool
8%
58Led ZeppelinWhole lotta Love
8%
6Deep PurpleChild in Time
7%
95SweetFox on the Run
7%
49Pink FloydComfortably numb
6%
63QueenLove of my life
6%
52Peter GabrielSolsbury Hill
6%
92Pink FloydShine on you crazy Diamond
4%
62T. RexHot love
2%
83ThemIt's all over now, baby blue
2%
88GenesisThe Carpet Crawlers
2%

Verteilung der Resultate

Perzentil nach korrekt beantworteten Fragen

Anzahl Personen mit jedem Resultat

Ihre Resultats-Entwicklung

Sie haben dieses Quiz noch nicht gespielt